000 01449cam a2200277 a 4500
999 _c7647
_d7647
003 OSt
005 20200317115800.0
008 100324s2011 enkab b 001 0 eng
020 _a9780415780841 (hardback)
082 0 0 _a711.4095487
_222
_bSTA
100 1 _aStallmeyer, John C.
245 1 0 _aBuilding Bangalore :
_barchitecture and urban transformation in India's Silicon Valley /
_cJohn C. Stallmeyer.
246 3 0 _aArchitecture and urban transformation in India's Silicon Valley
260 _aAbingdon, Oxon [England] ;
_aNew York, NY :
_bRoutledge,
_c2011.
300 _axx, 137 p. :
_bill., maps ;
_c23 cm.
490 1 _aRoutledge contemporary South Asia series ;
_v37
504 _aIncludes bibliographical references and index.
505 0 _aProcesses and context. Informational production and city/urban space -- Bangalore : context and continuum -- Actually existing informational urbanisms. The image made manifest : electronics city -- Reoccupying the colonial core : the new CBD -- Domesticating ICT : Indiranagar and SP Road.
650 0 _aArchitecture and globalization
_zIndia
_zBangalore.
650 0 _aArchitecture and society.
650 0 _aArchitecture and society
_zIndia
_zBangalore.
650 0 _aCities and towns
_xEffect of technological innovations on.
650 0 _aCities and towns
_xEffect of technological innovations on
_zIndia
_zBangalore.
830 0 _aRoutledge contemporary South Asia series ;
_v37.
942 _2ddc